[Event "VI Weekend Firenzescacchi B"]
[Site "Firenze ITA"]
[Date "2012.11.04"]
[Round "7"]
[White "Ferrari, Paolo"]
[Black "Belli, Marco"]
[WhiteElo "1272"]
[BlackElo "1488"]
[Result "0-1"]
[PlyCount "98"]
[EventDate "2012.11.01"]

1. d4 d5 2. Nf3 e6 3. e3 Nf6 4. Bd3 Bd6 5. c3 Nbd7 6. Nbd2 O-O 7. O-O b6 8. Qe2
Bb7 9. b4 Rc8 10. Bb2 c5 11. dxc5 bxc5 12. b5 c4 13. Bc2 a6 14. bxa6 Bxa6 15.
Rad1 Rb8 16. Rb1 Qc7 17. Rfd1 Rb6 18. g3 Rfb8 19. Bc1 Rxb1 20. Nxb1 Nc5 21.
Nbd2 Qa5 22. Nd4 Qxc3 23. N2f3 Bb7 24. Nb5 Qa5 25. Nxd6 Bc6 26. Ne5 Qc7 27.
Nxc6 Qxc6 28. Nxc4 dxc4 29. Qxc4 Rc8 30. Qh4 Nce4 31. Bd3 Qa4 32. Re1 Rc3 33.
Bxe4 Qxe4 34. Qxe4 Nxe4 35. a4 Nc5 36. Bd2 Rc2 37. Rc1 Rxc1+ 38. Bxc1 Nxa4 39.
f4 f5 40. Kf2 g6 41. Ba3 Nc3 42. Bb4 Nd5 43. Bc5 Nc3 44. Ke1 Kf7 45. Kd2 Ne4+
46. Kd3 Nxc5+ 47. Kc4 Ne4 48. Kd4 Nd2 49. h4 Nf1 0-1

[Event "VI Weekend Firenzescacchi B"]
[Site "Firenze ITA"]
[Date "2012.11.04"]
[Round "7"]
[White "Moroni, Fabrizio"]
[Black "Fornai, Francesco"]
[WhiteElo "1137"]
[BlackElo "1476"]
[Result "1-0"]
[PlyCount "87"]
[EventDate "2012.11.01"]

1. d4 d5 2. e3 a6 3. c4 e6 4. a3 c5 5. dxc5 Bxc5 6. Bd2 Nf6 7. Nf3 O-O 8. Be2
Re8 9. O-O e5 10. cxd5 e4 11. Ne1 Qxd5 12. f3 Bxe3+ 13. Bxe3 Qe5 14. Nc3 exf3
15. Rxf3 Bg4 16. Bd4 Qe6 17. Rf2 Bf5 18. Bxf6 Qxf6 19. Nf3 Nc6 20. Rf1 Rad8 21.
Qe1 Bd3 22. Rf2 Rd6 23. Qf1 Bg6 24. Rd1 Rde6 25. Bd3 Bh5 26. Re2 Ne5 27. Be4
Ng4 28. h3 Nh6 29. Rde1 Nf5 30. Bxf5 Rxe2 31. Rxe2 Rxe2 32. Qxe2 g6 33. Be4 g5
34. g4 Bg6 35. Bxg6 Qxg6 36. Qe4 Qb6+ 37. Qd4 Qxb2 38. Nxg5 Qc1+ 39. Kg2 Qxg5
40. Qd5 Qg6 41. Ne4 Qb6 42. Kf3 Kf8 43. Qd6+ Qxd6 44. Nxd6 1-0

[Event "VI Weekend Firenzescacchi B"]
[Site "Firenze ITA"]
[Date "2012.11.04"]
[Round "7"]
[White "Targetti, Andrea"]
[Black "Manneschi, Fabrizio"]
[WhiteElo "1437"]
[BlackElo "1386"]
[Result "1-0"]
[PlyCount "90"]
[EventDate "2012.11.01"]

1. e4 e5 2. Nf3 d6 3. Nc3 Nc6 4. Bb5 Bd7 5. d4 a6 6. Bxc6 Bxc6 7. dxe5 b5 8.
Bf4 b4 9. Nd5 Rb8 10. O-O Rb5 11. Re1 h6 12. exd6 cxd6 13. h3 Nf6 14. Nxf6+
Qxf6 15. Qc1 g5 16. Bh2 h5 17. e5 Qd8 18. exd6+ Kd7 19. Rd1 Bh6 20. Nd4 g4 21.
Qb1 gxh3 22. Nxc6 Qg5 23. g3 h4 24. Nd4 Rd5 25. Nf3 Qg4 26. Ne1 Rf5 27. a3 Qe4
28. axb4 Qe2 29. Kh1 Qxf2 30. Bg1 Qg2+ 31. Nxg2 hxg2+ 32. Kxg2 Rh5 33. gxh4
Rxh4 34. c3 Rg4+ 35. Kf1 Rf4+ 36. Bf2 Bg5 37. Ke2 Re8+ 38. Kd3 Rf3+ 39. Kc4
Rc8+ 40. Bc5 Rf4+ 41. Rd4 Rf3 42. Rxa6 Ke6 43. Qe1+ Kf5 44. Qe4+ Kf6 45. d7+
Kg7 1-0